[Event "Val Thorens op"]
[Site "Val Thorens"]
[Date "2009.??.??"]
[Round "8"]
[White "Kardos, Samson"]
[Black "Bordet, Jacky"]
[Result "1-0"]
[WhiteElo "1733"]
[BlackElo "1721"]
[PlyCount "95"]
[EventDate "2009.07.18"]
[EventType "swiss"]
[EventRounds "9"]
[EventCountry "FRA"]
[SourceTitle "CBM 131 Extra"]
[Source "ChessBase"]
[SourceDate "2009.09.03"]
[SourceVersion "2"]
[SourceVersionDate "2009.09.16"]
[SourceQuality "1"]

1. e4 e6 2. d4 d5 3. Nc3 dxe4 4. Nxe4 Nf6 5. Bg5 Be7 6. Bxf6 Bxf6 7. Nf3 0-0 8. Nxf6+ Qxf6 9. Bd3 Nd7 10. 0-0 c5 11. c3 cxd4 12. Nxd4 Nc5 13. Qc2 Nxd3 14. Qxd3 e5 15. Nf3 Bf5 16. Qe2 Rfe8 17. Rad1 Bg4 18. h3 Bxf3 19. Qxf3 Qxf3 20. gxf3 Rad8 21. Rfe1 f6 22. c4 Kf7 23. Rd5 Rxd5 24. cxd5 Rd8 25. Rd1 f5 26. Kf1 g5 27. Ke2 Ke7 28. Ke3 Kd6 29. Rg1 Rg8 30. h4 h6 31. hxg5 hxg5 32. Rh1 Rg7 33. Rd1 Rc7 34. Rd2 Rc5 35. Rd1 Rxd5 36. Rg1 Rc5 37. Rxg5 f4+ 38. Ke4 Rc4+ 39. Kd3 Rd4+ 40. Kc2 Rc4+ 41. Kd3 Kd5 42. Rxe5+ Kxe5 43. Kxc4 b6 44. b3 a6 45. a4 b5+ 46. axb5 axb5+ 47. Kc5 b4 48. Kc4 1-0